Sistemas de encendido

Gespeichert in:
Bibliographische Detailangaben
1. Verfasser: Gil, Hermógenes (VerfasserIn)
Format: Buch
Sprache:Spanisch
Veröffentlicht: Barcelona CEAC 2002
Schlagworte:
Tags: Tag hinzufügen
Keine Tags, Fügen Sie den ersten Tag hinzu!

MARC

LEADER 00000nam a2200000 a 4500
001 UCM8354
003 CL-VaPUC
008 030307e20020000SP |||||||||||||||||spa|d
082 0 4 |a 629.254  |b GIL  |2 21 
100 |a Gil, Hermógenes  |e author  |9 501098 
245 1 0 |a Sistemas de encendido 
300 |a 284 p 
942 |c BK 
945 |d 20030307 00:00:00  |a cmena 
260 |a Barcelona  |b CEAC  |c 2002 
650 0 |a Automóviles  |9 260871 
650 7 |a ENCENDIDO ELECTROMECANICO  |2 CL-VaPUC  |9 474366 
650 7 |a EQUIPOS ELECTRONICOS  |2 CL-VaPUC  |9 474367 
650 7 |a BOBINAS  |2 CL-VaPUC  |9 428681 
650 7 |a BUJIAS  |2 CL-VaPUC  |9 474368 
583 |a last modification  |c 20030307 00:00:00  |k Rodrigo Vera 
999 |c 302889  |d 302887 
952 |0 0  |1 0  |4 0  |6 629_254000000000000_GIL_2002  |7 0  |8 A  |9 363701  |a BIBMEC  |b BIBMEC  |d 2019-11-21  |i 3881229  |o 629.254 GIL 2002  |p 3881229  |r 2024-01-19  |w 2019-11-21  |y BK  |k MEC